[Event "DEM U18w 2005"]
[Site "Willingen GER"]
[Date "2005.05.20"]
[Round "8"]
[White "Großmann, Susan"]
[Black "Wirths, Clara"]
[Result "1-0"]
[Termination "normal"]
[Board "4"]
[WhiteElo "2026"]
[BlackElo "1841"]
[PlyCount "131"]
[WhiteFideId "24608220"]
[BlackFideId "24632597"]
[EventCountry "GER"]
[EventRounds "9"]
[EventType "swiss"]
[EventDate "2005.05.15"]

1. e4 c5 2. d3 Nc6 3. g3 g6 4. Bg2 Bg7 5. f4 e6 6. Nf3 Nge7 7. O-O O-O 8. c3 d6
9. Be3 f5 10. Nbd2 Rb8 11. a4 b6 12. Re1 h6 13. Bf2 e5 14. fxe5 Nxe5 15. Nxe5
dxe5 16. Qb3+ Kh7 17. Bxc5 Ba6 18. Bxe7 Qxe7 19. d4 fxe4 20. Bxe4 Qf6 21. Nf3
exd4 22. cxd4 Bb7 23. Bxb7 Rxb7 24. Rf1 Rbf7 25. Ng5+ Qxg5 26. Rxf7 Rxf7 27.
Qxf7 Qe3+ 28. Qf2 Qd3 29. Kg2 Qe4+ 30. Kh3 Qe6+ 31. g4 Qb3+ 32. Kg2 Qd5+ 33.
Qf3 Qxd4 34. Re1 Qxb2+ 35. Re2 Qb4 36. Qe4 Qc3 37. h4 Qf6 38. h5 Bf8 39. hxg6+
Qxg6 40. Qxg6+ Kxg6 41. Re8 Bc5 42. Ra8 a5 43. Rg8+ Kf7 44. Rd8 Kg6 45. Rd5 Kf6
46. Kf3 Be7 47. Ke4 Ke6 48. Rf5 Kd6 49. Rb5 Kc6 50. Ke5 Bg5 51. Ke6 Be3 52. Rb3
Bf4 53. Rc3+ Kb7 54. Rc4 Be3 55. Kd7 b5 56. Rc7+ Kb6 57. Rc6+ Kb7 58. axb5 a4
59. Ra6 Bd2 60. Rxa4 Kb6 61. Rd4 Be3 62. Rd5 Bc5 63. Ke6 Be3 64. Kf6 Bf4 65.
Kg6 Be3 66. Rh5 1-0

[Event "DEM U18w 2005"]
[Site "Willingen GER"]
[Date "2005.05.20"]
[Round "8"]
[White "Hoolt, Sarah"]
[Black "Butschek, Tanja"]
[Result "0-1"]
[Termination "normal"]
[Board "5"]
[WhiteElo "2050"]
[BlackElo "2025"]
[PlyCount "80"]
[WhiteFideId "24606812"]
[BlackFideId "24604640"]
[EventCountry "GER"]
[EventRounds "9"]
[EventType "swiss"]
[EventDate "2005.05.15"]

1. e4 c5 2. Nf3 e6 3. d4 cxd4 4. Nxd4 Nf6 5. Nc3 Nc6 6. Ndb5 Bb4 7. a3 Bxc3+ 8.
Nxc3 d5 9. exd5 exd5 10. Bd3 O-O 11. O-O d4 12. Ne4 Bf5 13. Bg5 Bxe4 14. Bxe4
h6 15. Bh4 g5 16. Bxc6 bxc6 17. Bg3 Ne4 18. Be5 c5 19. Qd3 Qd5 20. Rfe1 f5 21.
f4 Rfe8 22. c4 Qb7 23. Qh3 Qh7 24. b4 Rad8 25. Rad1 Nc3 26. Rd3 Qg6 27. Qf3 Ne4
28. Rb1 g4 29. Qf1 Qb6 30. Qc1 Nc3 31. Rb2 Qa6 32. bxc5 Qxa3 33. Kh1 Qxc5 34.
h3 h5 35. Rc2 Ne4 36. Qb2 g3 37. Bxd4 Rxd4 38. Rxg3+ Nxg3+ 39. Kh2 Nf1+ 40. Kh1
Rd1 0-1

[Event "DEM U18w 2005"]
[Site "Willingen GER"]
[Date "2005.05.20"]
[Round "8"]
[White "Katte, Isabel"]
[Black "Seeger, Franziska"]
[Result "1/2-1/2"]
[Termination "normal"]
[Board "6"]
[WhiteElo "1944"]
[BlackElo "2073"]
[PlyCount "83"]
[WhiteFideId "24612987"]
[BlackFideId "4690982"]
[EventCountry "GER"]
[EventRounds "9"]
[EventType "swiss"]
[EventDate "2005.05.15"]

1. e4 e5 2. Nf3 Nc6 3. d4 exd4 4. Nxd4 Nf6 5. Nc3 Bb4 6. Nxc6 bxc6 7. Bd3 d5 8.
exd5 cxd5 9. O-O O-O 10. Bg5 c6 11. Na4 h6 12. Bh4 Be6 13. c3 Be7 14. Bc2 Re8
15. Re1 Qc8 16. Qd3 Ne4 17. Bxe7 Rxe7 18. f3 Nf6 19. Nc5 Qe8 20. Qd4 Rb8 21. b3
Bd7 22. Kf1 Qf8 23. b4 Rbe8 24. Ba4 Rxe1+ 25. Rxe1 Rxe1+ 26. Kxe1 Qe7+ 27. Kf2
Be8 28. g3 Qc7 29. Nd3 a5 30. a3 axb4 31. axb4 Nd7 32. Bb3 Qd6 33. c4 Nf6 34.
cxd5 cxd5 35. Nf4 Bc6 36. Nd3 Nd7 37. Nf4 Nf6 38. Ne2 Qd7 39. Nf4 Bb7 40. Bc2
Bc6 41. Bb3 Bb7 42. Bc2 1/2-1/2

[Event "DEM U18w 2005"]
[Site "Willingen GER"]
[Date "2005.05.20"]
[Round "8"]
[White "Hofmann, Annett"]
[Black "Dauer, Christina"]
[Result "1/2-1/2"]
[Termination "normal"]
[Board "7"]
[WhiteElo "1978"]
[BlackElo "1645"]
[PlyCount "76"]
[WhiteFideId "24603759"]
[BlackFideId "24609781"]
[EventCountry "GER"]
[EventRounds "9"]
[EventType "swiss"]
[EventDate "2005.05.15"]

1. e4 e6 2. d4 d5 3. Nc3 Bb4 4. exd5 exd5 5. Bd3 Nc6 6. Nge2 Bg4 7. f3 Bh5 8.
O-O Qd7 9. Be3 Bg6 10. Bb5 O-O-O 11. a3 Bd6 12. b4 h5 13. Ba4 Qe6 14. Bf2 Nge7
15. Bb3 a6 16. Qd2 h4 17. Nf4 Qf5 18. Nh3 Bh5 19. b5 axb5 20. Nxb5 g5 21. Be3
g4 22. fxg4 Qxg4 23. Nxd6+ Rxd6 24. Bg5 Rg6 25. Rf4 Qd7 26. Rxf7 Bg4 27. Nf2
Rhg8 28. Nxg4 Qxg4 29. Bxe7 Qe6 30. Rf8+ Rxf8 31. Bxf8 h3 32. g3 Rf6 33. Rf1
Rxf1+ 34. Kxf1 Qe4 35. Qf2 Nxd4 36. Bc5 Qh1+ 37. Qg1 Qf3+ 38. Qf2 Qh1+ 1/2-1/2

[Event "DEM U18w 2005"]
[Site "Willingen GER"]
[Date "2005.05.20"]
[Round "8"]
[White "Salden, Franziska"]
[Black "Chin, Karin"]
[Result "0-1"]
[Termination "normal"]
[Board "8"]
[WhiteElo "2021"]
[BlackElo "1991"]
[PlyCount "110"]
[WhiteFideId "24601268"]
[BlackFideId "24608157"]
[EventCountry "GER"]
[EventRounds "9"]
[EventType "swiss"]
[EventDate "2005.05.15"]

1. e4 c5 2. Nf3 Nc6 3. d4 cxd4 4. Nxd4 g6 5. Nc3 Bg7 6. Be3 Nf6 7. Bc4 Qa5 8.
O-O O-O 9. h3 d6 10. f4 Qb4 11. Bb3 Nxd4 12. Bxd4 Nxe4 13. Bxg7 Kxg7 14. Nxe4
Qxe4 15. Re1 Qxf4 16. Rxe7 Bxh3 17. Qd5 Qf6 18. Rxb7 Bc8 19. Rc7 Ba6 20. Bc4
Rac8 21. Rf1 Bxc4 22. Qxc4 Rxc7 23. Qxc7 Qxb2 24. Qxa7 Qxc2 25. Qd4+ Kg8 26. a4
Qc5 27. Qxc5 dxc5 28. a5 c4 29. Rc1 Ra8 30. Rxc4 Rxa5 31. Kf2 Ra3 32. Rc5 h5
33. Kg1 Kg7 34. Kh2 Kh6 35. Rb5 g5 36. Rb6+ Kg7 37. Rc6 f6 38. Rb6 Kg6 39. Rb5
Re3 40. Ra5 Rc3 41. Rb5 g4 42. Rb8 Kg5 43. g3 h4 44. Rb5+ Kg6 45. gxh4 Rh3+ 46.
Kg2 Rxh4 47. Kg3 Rh5 48. Rb6 Kg5 49. Rb4 Rh3+ 50. Kg2 Ra3 51. Rc4 f5 52. Rb4 f4
53. Rb8 Ra2+ 54. Kg1 Kh4 55. Rh8+ Kg3 0-1

[Event "DEM U18w 2005"]
[Site "Willingen GER"]
[Date "2005.05.20"]
[Round "8"]
[White "Reh, Theresa"]
[Black "Rath, Alina"]
[Result "1-0"]
[Termination "normal"]
[Board "10"]
[WhiteElo "1800"]
[BlackElo "1726"]
[PlyCount "87"]
[BlackFideId "24607886"]
[EventCountry "GER"]
[EventRounds "9"]
[EventType "swiss"]
[EventDate "2005.05.15"]

1. e4 c6 2. d4 d5 3. exd5 cxd5 4. c4 Nf6 5. Nc3 e6 6. Nf3 Nc6 7. c5 b6 8. Bb5
Bd7 9. Bxc6 Bxc6 10. b4 bxc5 11. bxc5 g6 12. O-O Bg7 13. Ne5 Qc7 14. Nxc6 Qxc6
15. Bf4 Nd7 16. Bd6 Bf8 17. Bf4 Bg7 18. Bd6 Bf8 19. Bxf8 Kxf8 20. Qd2 Kg7 21.
f4 Rac8 22. Ne2 Nf6 23. Ng3 Rhd8 24. Qa5 Rd7 25. Rab1 h5 26. Rb5 Ne4 27. Rfb1
Qc7 28. Qxc7 Rcxc7 29. Nxe4 dxe4 30. R5b4 f5 31. Kf2 Kf7 32. Ke3 Ke7 33. Rb8
Rd8 34. h3 Kd7 35. R8b2 Kc6 36. Rg1 Rh8 37. Rgb1 Rg8 38. h4 Rd8 39. Rb4 Rcd7
40. R1b3 Rc7 41. Ra3 Re8 42. Ra6+ Kd7 43. Rba4 Ra8 44. Rd6+ 1-0

[Event "DEM U18w 2005"]
[Site "Willingen GER"]
[Date "2005.05.20"]
[Round "8"]
[White "Janiesch, Maike"]
[Black "Rüdel, Anita"]
[Result "1/2-1/2"]
[Termination "normal"]
[Board "12"]
[WhiteElo "1499"]
[BlackElo "1628"]
[PlyCount "71"]
[EventCountry "GER"]
[EventRounds "9"]
[EventType "swiss"]
[EventDate "2005.05.15"]

1. d4 d5 2. c4 e6 3. Nc3 c6 4. cxd5 exd5 5. Qc2 Nf6 6. Bg5 Be7 7. e3 Be6 8. Bd3
Nbd7 9. Nf3 O-O 10. O-O h6 11. Bh4 Re8 12. Rab1 a5 13. a3 Qc8 14. Na4 Rb8 15.
Rfc1 Bg4 16. Nd2 Bd6 17. h3 Be6 18. Bxf6 Nxf6 19. Nc5 Nd7 20. b4 axb4 21. axb4
Bxc5 22. bxc5 Nf6 23. Rb2 Re7 24. Qb1 Rc7 25. Rc3 Qd8 26. Ba6 Bc8 27. Rcb3 Qe7
28. Nf3 Ne4 29. Rb6 Nc3 30. Qc2 Ne4 31. Ne5 Qe6 32. f3 Ng5 33. Kf2 f6 34. Nd3
Re7 35. Qe2 Rc7 36. Kg1 1/2-1/2

[Event "DEM U18w 2005"]
[Site "Willingen GER"]
[Date "2005.05.20"]
[Round "8"]
[White "Dubel, Natali"]
[Black "Kohm, Vanessa"]
[Result "1/2-1/2"]
[Termination "normal"]
[Board "13"]
[WhiteElo "1400"]
[BlackElo "1501"]
[PlyCount "88"]
[WhiteFideId "24642185"]
[BlackFideId "4674472"]
[EventCountry "GER"]
[EventRounds "9"]
[EventType "swiss"]
[EventDate "2005.05.15"]

1. d4 d5 2. c4 c6 3. Nc3 Nf6 4. Bg5 e6 5. e3 Be7 6. Nf3 O-O 7. Bd3 Nbd7 8. O-O
h6 9. Bh4 b6 10. Rc1 Bb7 11. a3 a5 12. cxd5 cxd5 13. Nb5 Rc8 14. Bg3 Ne4 15.
Bc7 Qe8 16. Nd2 f5 17. Nxe4 fxe4 18. Be2 Nf6 19. Nd6 Bxd6 20. Bxd6 Rf7 21. Rc2
Qd8 22. Be5 Nd7 23. Bg3 Nf6 24. Qc1 Rf8 25. Bc7 Qe7 26. Bxb6 Rxc2 27. Qxc2 Ra8
28. Rc1 Ne8 29. Qc5 Qf7 30. Qc3 a4 31. Qb4 Bc8 32. Qd2 Qb7 33. Bc5 Rb8 34. Bb4
Bd7 35. Rc3 Bb5 36. Bxb5 Qxb5 37. Qc2 Kh7 38. Rc5 Qd3 39. Qxd3 exd3 40. Kf1 Nd6
41. Rc3 Nc4 42. Rxd3 Nxb2 43. Rd2 Nc4 44. Ke2 Rb7 1/2-1/2

[Event "DEM U18w 2005"]
[Site "Willingen GER"]
[Date "2005.05.20"]
[Round "8"]
[White "Hammerich, Nadine"]
[Black "Kohl, Annette"]
[Result "1-0"]
[Termination "normal"]
[Board "14"]
[WhiteElo "1543"]
[BlackElo "1567"]
[PlyCount "63"]
[EventCountry "GER"]
[EventRounds "9"]
[EventType "swiss"]
[EventDate "2005.05.15"]

1. d4 d5 2. c4 e6 3. Nc3 Nf6 4. Nf3 c6 5. b3 Nbd7 6. g3 Be7 7. Bg2 O-O 8. O-O
Re8 9. Bb2 b6 10. Qc2 Ba6 11. Nd2 Nf8 12. Rfe1 Rc8 13. Rad1 Qc7 14. e4 Nxe4 15.
Ndxe4 dxe4 16. Nxe4 f5 17. Nc3 Bf6 18. Rd2 g6 19. h3 e5 20. d5 e4 21. dxc6 Qxc6
22. Nd5 Bxb2 23. Qxb2 Nd7 24. Qa3 Nc5 25. Bf1 Nd3 26. Bxd3 exd3 27. Rxe8+ Rxe8
28. Ne7+ Rxe7 29. Qxe7 Bb7 30. Qd8+ Kg7 31. Qd5 Qxd5 32. cxd5 1-0